LEADER 01940nam a2200325 4500 001 000000344011 003 CaOOAMICUS 005 20240729123624.0 008 210128s2023 fr 000 u fre r 020 $a978-2-85443-632-7 040 $aSeMil$bita 245 02$aL'héritage théologique de Benoît 16. :$bcoopérateur de la vérité /$cF. Resch, éd. ; [textes de] Mgr O. de Cagny ... [et al.] ; préface du card. L. Ladaria Ferrer. 264 1$aParis :$bCollège des Bernardins :$bCLD éditions ;$aBruxelles :$bNouvelle Revue Théologique,$c2023. 264 1$aParis :$bCollège des Bernardins :$bCLD éditions ;$aBruxelles :$bNouvelle Revue Théologique,$c2023. 300 $a205 p. ;$c19 cm 490 1 $aCahiers de la Nouvelle revue théologique 650 4$aBenedetto XVI - Pensiero teologico.$0(OLS)http://semarc/subject/30864 700 1 $aCagny, Olivier : de.$0(OLS)http://semarc/name/120067 700 1 $aResch, Felix,$d<1985- >.$0(OLS)http://semarc/name/120066 700 1 $aLadaria Ferrer, Luís Francisco,$c.$0(OLS)http://semarc/name/90354 830 0$aCahiers de la Nouvelle revue théologique.$0(OLS)http://semarc/title/39367 850 $aSeMil 852 $aSeMil$W1$xVenegono$y1$m2A V 384$j249697$B250194$CSeMilBibl$Z2$F250194 $81 996 $6020$a978-2-85443-632-7$9(OLS)http://semarc/number/300875 996 $6245$aL'héritage théologique de Benoît 16. :$bcoopérateur de la vérité$9(OLS)http://semarc/title/449575 996 $6264$aParis :$bCollège des Bernardins :$bCLD éditions$9(OLS)http://semarc/publisher/61862 996 $6264$aBruxelles :$bNouvelle Revue Théologique$9(OLS)http://semarc/publisher/30776 996 $6264$aParis :$bCollège des Bernardins :$bCLD éditions$9(OLS)http://semarc/publisher/61862 996 $6264$aBruxelles :$bNouvelle Revue Théologique$9(OLS)http://semarc/publisher/30776 LEADER 01114nam a2200277 i 4500 001 000000062692 003 CaOOAMICUS 005 20251219115121.0 008 150923s1998 be u000 u lat u 013 $a33864 020 $a2-503-03281-8 040 $aSeMil$bita 100 0 $aPetrus : Blesensis,$d.$0(OLS)http://semarc/name/29988 245 10$aPetri Blesensis Carmina /$ccura et studio C. Wollin. 260 $aTurnhout :$bBrepols,$c1998. 300 $a714 p. ;$c26 cm 490 0 $aCorpus Christianorum. Continuatio Mediaevalis ;$v128. 700 1 $aWollin, Carsten.$0(OLS)http://semarc/name/31731 830 0$aCorpus Christianorum. Continuatio Mediaevalis ;$v128.$0(OLS)http://semarc/title/35 850 $aSeMil 852 $aSeMil$W1$xVenegono$y1$mSL2.F CC.CM 128$j265608$B28845$CSeMilBibl$Z2$F28848 $8I 961 $aSottoscrizione: Brepols 996 $6020$a2-503-03281-8$9(OLS)http://semarc/number/39315 996 $6245$aPetri Blesensis Carmina$9(OLS)http://semarc/title/98749 996 $6260$aTurnhout :$bBrepols$9(OLS)http://semarc/publisher/29626